000 01569cam a2200217 4500
001 ABS66909
008 030714n2003 000 0 eng u
035 _a(Sirsi) u122998
245 _aOwen v Blathwayt
260 _c2003
490 _aProperty and Compensation Reports
_v[2003] 1 P&CR 28, 444-466(23)
520 _a[2002] EWHC 2231 (Ch), 1 November 2002. The claimant (O) brought an action against B and five others in order to determine the proper construction and effect of a grant of a non-exclusive right to graze sheep and how it related to later grants of the right to graze over the same land. In 1992 English Nature had reduced the number of sheep permitted to graze on the land and as O had more than the numbers allowed, he held that he should have sole use of the common. O claimed priority over the later grantees due the fact that the right to graze had been given on the purchase of the farm in 1954; the other three farms had been granted grazing rights in 1994, 1996 and 1998. It was held that O did not have priority because of the chronology of the changes in tenancies that provided the new grants to graze sheep on the common and that the number of sheep permitted by the limited grazing should be made in reference to the number of sheep each farm could maintain without including the commonland.
590 _aABS
650 _aOWEN V BLATHWAYT
650 _aREAL PROPERTY
650 _aPROFITS
650 _aSHEEP PASTURE
650 _aGRAZING RIGHTS
690 _aLANDLORD AND TENANT-AGRICULTURAL TENANCIES-CASE LAW
942 _n0
999 _c73035
_d73035